| 000 | 00980nam a2200253 a 4500 | ||
|---|---|---|---|
| 001 | BRCA_1451 | ||
| 005 | 20190320203432.0 | ||
| 008 | 071106s2004----mx-a---###---#000-0#spa-d | ||
| 020 | _a9683699995 | ||
| 050 | 4 |
_aNK844 _b.O44 2004 |
|
| 100 | 1 |
_aOlguín, Enriqueta M. _94336 |
|
| 245 | 1 | 0 |
_aNácar en manos otomíes _cEnriqueta M., Olguín. |
| 260 |
_aMéxico _bUNAM, Instituto de Investigaciones Estéticas : Gobierno del Estado de Hidalgo, Consejo Estatal para la Cultura y las Artes _c2004. |
||
| 300 |
_a349 p. _bil. (algunas a color) _c23 cm. |
||
| 500 | _aIncluye índice analítico y de ilustraciones | ||
| 500 | _a2do. ejemplar en el Área de Investigación | ||
| 504 | _aBibliografía: p. 327-338 | ||
| 650 | 1 | 4 |
_aArtesanía en madera _zHidalgo (México) _94750 |
| 650 | 1 | 4 |
_aArtesanos en el arte _zMéxico _94751 |
| 650 | 1 | 4 |
_aArtesanías _zHidalgo (México) _94752 |
| 650 | 1 | 4 |
_aArtes decorativas _91921 |
| 653 | 0 | _aIncrustación de concha en madera | |
| 942 |
_2lcc _cB |
||
| 999 |
_c1313 _d1313 |
||